| 000 | 00373nam a2200157Ia 4500 | ||
|---|---|---|---|
| 008 | 210210b xxu||||| |||| 00| 0 eng d | ||
| 041 | _aeng | ||
| 082 | _a821/41 | ||
| 100 | _aBLAKE (William) | ||
| 245 | _aPoems: quiller-couch | ||
| 260 |
_aOxford _bAt the Clarendon Press _c |
||
| 650 | _aquiller-couch | ||
| 650 | _aPoems: | ||
| 690 | _aEnglish Poetry | ||
| 906 | _a011210 | ||
| 999 |
_c129871 _d129871 |
||